Juan y Tolola : (Record no. 200961)

MARC details
000 -CABECERA
campo de control de longitud fija 00683nam a2200217 u 4500
005 - FECHA Y HORA DE LA ÚLTIMA TRANSACCIÓN
campo de control 20240228064334.0
008 - ELEMENTOS DE LONGITUD FIJA--INFORMACIÓN GENERAL
campo de control de longitud fija 190206s2007 es r 000 0 spa d
020 ## - NÚMERO INTERNACIONAL NORMALIZADO PARA LIBROS
Número Internacional Estándar del Libro 9788478719518
035 ## - NÚMERO DE CONTROL DEL SISTEMA
Número de control de sistema UPN01000228866
049 ## - COLECCIÓN
Colección I
050 #4 - SIGNATURA TOPOGRÁFICA DE LA BIBLIOTECA DEL CONGRESO
Número de clasificación PZ78
Número de documento/Ítem CH5.4
100 1# - ASIENTO PRINCIPAL--NOMBRE PERSONAL
Nombre de persona Child, Lauren,
Fechas asociadas al nombre 1967-
9 (RLIN) 33864
245 10 - MENCIÓN DE TÍTULO
Título Juan y Tolola :
Resto del título opuestos /
Mención de responsabilidad, etc. Lauren Child ; tr. Raquel Mancera.
260 ## - PUBLICACIÓN, DISTRIBUCIÓN, ETC.
Lugar de publicación, distribución, etc. [España] :
Nombre del editor, distribuidor, etc. Serres,
Fecha de publicación, distribución, etc. 2007.
300 ## - DESCRIPCIÓN FÍSICA
Extensión [12] p. :
Otras características físicas principalmente il. col.
534 ## - NOTA SOBRE LA VERSIÓN ORIGINAL
Frase introductoria Título original:
Mención de título del original Charlie and Lola's opposites
650 #4 - ASIENTO SECUNDARIO DE MATERIA - TERMINO TEMATICO
Término de materia o nombre geográfico como elemento de entrada Cuentos infantiles ingleses
9 (RLIN) 10002
650 #4 - ASIENTO SECUNDARIO DE MATERIA - TERMINO TEMATICO
Término de materia o nombre geográfico como elemento de entrada Libros y lectura para niños
9 (RLIN) 2290
905 ## - TIPO DE MATERIAL
Tipo de material Infantil
Holdings
Estado de retiro Estado de pérdida Fuente del sistema de clasificación o colocación Estado dañado No para préstamo Código de colección Localización permanente Ubicación/localización actual Ubicación en estantería Fecha de adquisición Clasificación Código de barras Fecha visto por última vez Número de copia Tipo de ítem Koha Total de préstamos
    Library of Congress Classification     Infantil Bib. Gregorio Torres Quintero Bib. Gregorio Torres Quintero Sala infantil Planta baja 10/05/2023 PZ7 CH5.4 326409 31/12/2020 1 Libro  
    Library of Congress Classification     Infantil Bib. Gregorio Torres Quintero Bib. Gregorio Torres Quintero Sala infantil Planta baja   PZ7 CH5.4 326410 31/12/2020 1 Libro